| 000 | 00521nam a2200181 a 4500 | ||
|---|---|---|---|
| 005 | 20140412111322.0 | ||
| 008 | 001219s19uu xx 00 eng d | ||
| 020 | _a0-590-33849-8 | ||
| 050 |
_aER _bCl16Fa 1984 |
||
| 100 | _aBridwell, Norman | ||
| 245 |
_aClifford's family / _cstory and pictures by Norman Bridwell. |
||
| 260 |
_aNew York : _bScholastic Inc, _c1984. |
||
| 300 | _a1 v. (unp.) ; ill. | ||
| 440 | _aClifford the Big Red Dog | ||
| 650 | _aDogs--Fiction | ||
| 650 | _aFamily--Fiction | ||
| 999 |
_c104424 _d104424 |
||